[Event "Oslo Esports Cup 2022"]
[Site "Oslo NOR"]
[Date "2022.04.22"]
[Round "1.1"]
[White "Giri, Anish"]
[Black "Hansen, Eric"]
[Result "1/2-1/2"]
[WhiteTitle "GM"]
[BlackTitle "GM"]
[WhiteElo "2773"]
[BlackElo "2606"]
[WhiteFideId "24116068"]
[BlackFideId "2606771"]
[EventDate "2022.04.22"]

1. e4 e5 2. Nf3 Nc6 3. Bb5 a6 4. Ba4 Nf6 5. O-O Be7 6. Re1 b5 7. Bb3 O-O 8. a4
Bb7 9. d3 d6 10. c3 Qd7 11. Bg5 Na5 12. Ba2 c5 13. Nbd2 h6 14. Bxf6 Bxf6 15.
axb5 axb5 16. Nf1 c4 17. Ne3 Rfc8 18. Qe2 Qc7 19. Rad1 cxd3 20. Qxd3 Nc4 21.
Bxc4 bxc4 22. Qxd6 Bxe4 23. Ng4 Bxf3 24. gxf3 Qc6 25. Qxc6 Rxc6 26. Nxe5 Bxe5
27. Rxe5 Rb6 28. Re2 Rab8 29. Rdd2 g6 30. Kg2 Kg7 31. f4 Rb5 32. Kg3 R8b7 33.
Kg4 Kf6 34. h4 Kg7 35. Kf3 Kf6 36. Kg3 Kg7 37. Re4 Rxb2 38. Rxb2 Rxb2 39. Rxc4
Rb1 40. Kg2 Rc1 41. Rc5 h5 42. Rc6 Kf8 43. c4 Rc3 44. f3 Rc1 45. c5 Kg7 46. Kf2
Rh1 47. Kg3 Rg1+ 48. Kh2 Rc1 49. Kg2 Rc2+ 50. Kg3 f5 51. Rc8 Kh7 52. Rc7+ Kg8
53. Kh3 Kh8 54. Rc8+ Kh7 55. Rc6 Kg7 56. Kg3 Kh7 57. Rc7+ Kg8 58. c6 Kh8 59.
Rc8+ Kh7 60. Kh3 Kg7 61. Kg3 Kh7 62. Rc7+ Kg8 63. Rc8+ Kh7 1/2-1/2

[Event "Oslo Esports Cup 2022"]
[Site "Oslo NOR"]
[Date "2022.04.22"]
[Round "1.1"]
[White "Mamedyarov, Shakhriyar"]
[Black "Le, Quang Liem"]
[Result "1/2-1/2"]
[WhiteTitle "GM"]
[BlackTitle "GM"]
[WhiteElo "2771"]
[BlackElo "2709"]
[WhiteFideId "13401319"]
[BlackFideId "12401137"]
[EventDate "2022.04.22"]

1. d4 Nf6 2. c4 e6 3. Nf3 d5 4. Nc3 dxc4 5. e4 Bb4 6. Bxc4 Nxe4 7. O-O Nxc3 8.
bxc3 Be7 9. Ne5 O-O 10. Re1 Nc6 11. Qg4 f5 12. Qf3 Nxe5 13. Rxe5 Bd6 14. Rxf5
Rxf5 15. Qxf5 Qf6 16. Qe4 Rb8 17. Bd2 b5 18. Bb3 Bd7 19. Re1 Re8 20. h4 a5 21.
Bg5 Qg6 22. Qxg6 hxg6 23. Re3 Kh7 24. c4 bxc4 25. Bxc4 Rb8 26. Rb3 Rb6 27. Bd3
a4 28. Rxb6 cxb6 29. h5 Be8 30. Bd8 b5 31. Bg5 b4 32. Bc1 e5 33. dxe5 Bxe5 34.
Bc2 a3 35. Kf1 Bf7 36. hxg6+ Bxg6 37. Bb3 Bd3+ 38. Ke1 Kg6 39. Kd1 Kf6 40. f4
Bc3 41. g4 g6 42. Bd2 Be4 43. Ke2 Bf3+ 44. Kxf3 Bxd2 45. Ke4 g5 46. fxg5+ Kxg5 1/2-1/2

[Event "Oslo Esports Cup 2022"]
[Site "Oslo NOR"]
[Date "2022.04.22"]
[Round "1.1"]
[White "Van Foreest, Jorden"]
[Black "Praggnanandhaa, R"]
[Result "0-1"]
[WhiteTitle "GM"]
[BlackTitle "GM"]
[WhiteElo "2714"]
[BlackElo "2624"]
[WhiteFideId "1039784"]
[BlackFideId "25059530"]
[EventDate "2022.04.22"]

1. d4 Nf6 2. c4 e6 3. Nc3 Bb4 4. Qc2 O-O 5. e4 d5 6. e5 Ne4 7. Bd3 c5 8. Nf3
cxd4 9. Nxd4 Nd7 10. Bf4 Qh4 11. g3 Qh5 12. O-O g5 13. cxd5 Bxc3 14. bxc3 exd5
15. g4 Qh3 16. Bg3 Nxg3 17. fxg3 Nxe5 18. Qd2 h6 19. Nf5 Nxd3 20. Ne7+ Kg7 21.
Qxd3 Be6 22. Qd4+ f6 23. Nf5+ Bxf5 24. Rxf5 Rae8 25. Raf1 Re2 26. R5f2 Re5 27.
Qa4 Rf7 28. Qd1 Re4 29. Qxd5 Qxg4 30. Rf5 Qe2 31. R5f2 Qe3 32. Kg2 Re5 33. Qb3
b6 34. c4 Qe4+ 35. Kg1 Rc5 36. Qb2 Qc6 37. Qe2 Rxc4 38. h4 Rc3 39. Kh2 Qc7 40.
Rg2 Qe5 41. Qh5 Re3 42. Rff2 Re4 43. hxg5 hxg5 44. Qd1 Rd4 45. Qf1 Rf8 46. Re2
Re4 47. Kg1 Re8 48. Rxe4 Qxe4 49. Rd2 Qe3+ 50. Qf2 Kg6 51. Kg2 Qxf2+ 52. Kxf2
Re4 53. Kf3 f5 54. Rd6+ Kh5 55. Rd5 g4+ 56. Kf2 Kg5 57. a3 Ra4 58. Rd3 b5 59.
Rb3 a6 60. Rd3 Rc4 61. Ke2 Rc2+ 62. Kd1 Rf2 0-1

[Event "Oslo Esports Cup 2022"]
[Site "Oslo NOR"]
[Date "2022.04.22"]
[Round "1.2"]
[White "Hansen, Eric"]
[Black "Giri, Anish"]
[Result "1/2-1/2"]
[WhiteTitle "GM"]
[BlackTitle "GM"]
[WhiteElo "2606"]
[BlackElo "2773"]
[WhiteFideId "2606771"]
[BlackFideId "24116068"]
[EventDate "2022.04.22"]

1. e4 c5 2. Nf3 d6 3. d4 cxd4 4. Nxd4 Nf6 5. Nc3 a6 6. Be3 e5 7. Nb3 Be7 8. h3
Be6 9. g4 d5 10. exd5 Nxd5 11. Bg2 Nxe3 12. Qxd8+ Bxd8 13. fxe3 Bh4+ 14. Ke2
Bc4+ 15. Kd2 Nc6 16. Rad1 O-O-O+ 17. Kc1 Bf2 18. Rxd8+ Rxd8 19. Nd1 Bh4 20. Nc3
Bf2 21. Nd1 Bh4 22. Nc3 Bf2 1/2-1/2

[Event "Oslo Esports Cup 2022"]
[Site "Oslo NOR"]
[Date "2022.04.22"]
[Round "1.2"]
[White "Praggnanandhaa, R"]
[Black "Van Foreest, Jorden"]
[Result "1/2-1/2"]
[WhiteTitle "GM"]
[BlackTitle "GM"]
[WhiteElo "2624"]
[BlackElo "2714"]
[WhiteFideId "25059530"]
[BlackFideId "1039784"]
[EventDate "2022.04.22"]

1. d4 d5 2. c4 c6 3. Nf3 Nf6 4. e3 Bf5 5. Nc3 e6 6. Nh4 Bg4 7. Qb3 dxc4 8. Qxb7
Nbd7 9. h3 Bh5 10. g4 Nd5 11. a3 Rc8 12. gxh5 Rc7 13. Qa6 Qxh4 14. Bxc4 Be7 15.
Bd2 O-O 16. Be2 N7f6 17. Bf3 Rb8 18. b4 Nxc3 19. Bxc3 Ne4 20. Bxe4 Qxe4 21. Rg1
Bf6 22. Rg4 Qc2 23. Bd2 Qf5 24. Qe2 e5 25. dxe5 Bxe5 26. Rc1 Rd8 27. Kf1 Qe6 28.
Be1 Qb3 29. Kg2 Qxa3 30. Rc5 Qa1 31. Ra5 Qb2 32. Qxb2 Bxb2 33. b5 cxb5 34. Rxb5
Bc3 35. Bxc3 Rxc3 36. Rb7 h6 37. Rf4 Rf8 38. Rf5 a6 39. Ra7 Rc6 40. Ra5 Rd8 41.
R7xa6 Rxa6 42. Rxa6 Rd5 1/2-1/2

[Event "Oslo Esports Cup 2022"]
[Site "Oslo NOR"]
[Date "2022.04.22"]
[Round "1.2"]
[White "Carlsen, Magnus"]
[Black "Duda, Jan-Krzysztof"]
[Result "1/2-1/2"]
[WhiteTitle "GM"]
[BlackTitle "GM"]
[WhiteElo "2864"]
[BlackElo "2750"]
[WhiteFideId "1503014"]
[BlackFideId "1170546"]
[EventDate "2022.04.22"]

1. f3 e5 2. Nc3 Nf6 3. e4 Bc5 4. Na4 Be7 5. d4 exd4 6. e5 Nd5 7. Qxd4 Nb4 8. Qf2
d6 9. a3 N4c6 10. exd6 Qxd6 11. Ne2 O-O 12. Bf4 Qg6 13. O-O-O b5 14. Nac3 b4 15.
Nd5 bxa3 16. Nxe7+ Nxe7 17. bxa3 Nbc6 18. Qc5 Ba6 19. Nc3 Bxf1 20. Rhxf1 Qxg2
21. Bxc7 Rfc8 22. Bd6 Ng6 23. Rf2 Qh3 24. Nd5 Nd8 25. Qe3 Ne6 26. f4 Qxe3+ 27.
Nxe3 Nc5 28. f5 Ne4 29. fxg6 Nxf2 30. Rf1 hxg6 31. Rxf2 Rc6 32. Bb4 Rd8 33. Rd2
Rxd2 34. Kxd2 g5 35. c4 Rh6 36. Kd3 f6 37. c5 Kf7 38. Nf5 Rxh2 39. c6 Ke6 40.
Nxg7+ Kd5 41. c7 Rh3+ 42. Kd2 Rh2+ 43. Kd3 Rh3+ 44. Kc2 Rh8 45. Be7 Rc8 46. Bd8
g4 47. Kd3 Kc6 48. Ne8 f5 49. Ke3 g3 50. Kf3 f4 51. a4 Kd7 52. Nf6+ Kc6 53. Nh5
Rxc7 54. Bxc7 Kxc7 55. Nxf4 Kb6 56. Nd3 Ka5 57. Ne5 Kxa4 58. Nc6 a6 59. Nb8 g2
60. Kxg2 a5 61. Nc6 Kb5 62. Nxa5 1/2-1/2

[Event "Oslo Esports Cup 2022"]
[Site "Oslo NOR"]
[Date "2022.04.22"]
[Round "1.2"]
[White "Le, Quang Liem"]
[Black "Mamedyarov, Shakhriyar"]
[Result "0-1"]
[WhiteTitle "GM"]
[BlackTitle "GM"]
[WhiteElo "2709"]
[BlackElo "2771"]
[WhiteFideId "12401137"]
[BlackFideId "13401319"]
[EventDate "2022.04.22"]

1. d4 Nf6 2. c4 e6 3. Nf3 d5 4. Nc3 Bb4 5. Qa4+ Nc6 6. e3 O-O 7. Qc2 dxc4 8.
Bxc4 Bd6 9. O-O e5 10. h3 a6 11. a3 Bd7 12. Bd2 exd4 13. exd4 Qc8 14. Ne4 Bxh3
15. Nxd6 Qg4 16. Ne1 Nxd4 17. Qd1 cxd6 18. Bc3 Nc6 19. Be2 Qg5 20. Bxf6 gxf6 21.
Rc1 Kh8 22. Rc3 Be6 23. Qxd6 Rfd8 24. Qh2 Qe5 25. Rg3 Rg8 26. Bd3 f5 27. Nf3 Qf6
28. Rh3 Rg7 29. Rh6 Qxb2 30. Re1 Kg8 31. Qf4 Rg4 32. Qc7 Rc8 33. Qh2 Qg7 34. Rh5
Ne7 35. Ne5 Rg5 36. Rxg5 Qxg5 37. Nf3 Qg7 38. Qd6 Qf8 39. Ng5 Rc6 40. Qg3 Ng6
41. Qh3 h6 42. Nf3 f4 43. Qh2 Rd6 44. Be4 Bd5 45. Qh5 Bxe4 46. Rxe4 Qg7 47. g3
fxg3 48. fxg3 Qa1+ 49. Kg2 Qa2+ 50. Kh3 Qd5 51. Qxd5 Rxd5 52. a4 Kf8 53. Rb4 Rd7
54. Nd4 Ne7 55. Nb3 Nd5 56. Rd4 Nf6 57. Rb4 Nd5 58. Rd4 b6 59. a5 bxa5 60. Nc5
Rd8 61. Ra4 Nc7 62. Nb3 Rd5 63. Nxa5 Rh5+ 64. Kg2 Rb5 65. Nc6 Rb6 66. Nd4 Ne8
67. Kf3 Nd6 68. Kf4 Ke7 69. Ke5 Kd7 70. Kd5 Nb7 71. Ra1 a5 72. Rf1 Nd8 73. Ra1
Ne6 74. Nxe6 fxe6+ 75. Kc5 Ra6 76. Kb5 Ra8 77. Rd1+ Ke7 78. Rh1 a4 79. Rxh6 a3
80. Rh1 a2 81. Ra1 Kf6 82. Kc4 Kf5 83. Kd4 Kg4 84. Ke5 Ra6 0-1

[Event "Oslo Esports Cup 2022"]
[Site "Oslo NOR"]
[Date "2022.04.22"]
[Round "1.3"]
[White "Giri, Anish"]
[Black "Hansen, Eric"]
[Result "1-0"]
[WhiteTitle "GM"]
[BlackTitle "GM"]
[WhiteElo "2773"]
[BlackElo "2606"]
[WhiteFideId "24116068"]
[BlackFideId "2606771"]
[EventDate "2022.04.22"]

1. e4 e5 2. Nf3 Nc6 3. Bb5 a6 4. Ba4 Nf6 5. O-O Be7 6. Re1 b5 7. Bb3 O-O 8. a4
Bb7 9. d3 d6 10. Nbd2 Nb8 11. axb5 axb5 12. Rxa8 Bxa8 13. Nf1 Nbd7 14. Ng3 Re8
15. Bd2 Bf8 16. h3 h6 17. Qe2 Nc5 18. Ba2 Qd7 19. b4 Ne6 20. Nf5 Kh7 21. Qd1 g6
22. Ng3 Bg7 23. Be3 Qe7 24. Bd2 Bb7 25. Bb3 Ra8 26. Qb1 Nd7 27. h4 Nf6 28. Qd1
Ng4 29. h5 Nf4 30. Bxf4 exf4 31. Ne2 Qf6 32. Qd2 g5 33. Ned4 Ne5 34. Nxe5 Qxe5
35. c3 Kg8 36. Rc1 Bc8 37. Bd5 Ra6 38. f3 Bd7 39. Ne2 c6 40. Bb3 Qe8 41. d4 Qa8
42. Qd1 Qa7 43. Kh1 Be8 44. g3 fxg3 45. Nxg3 Bd7 46. Kg2 Ra3 47. Nf5 Bxf5 48.
exf5 d5 49. Rb1 Bf8 50. f6 Qc7 51. Qd3 Qf4 52. Bc2 Ra2 53. Qh7# 1-0

[Event "Oslo Esports Cup 2022"]
[Site "Oslo NOR"]
[Date "2022.04.22"]
[Round "1.3"]
[White "Mamedyarov, Shakhriyar"]
[Black "Le, Quang Liem"]
[Result "1/2-1/2"]
[WhiteTitle "GM"]
[BlackTitle "GM"]
[WhiteElo "2771"]
[BlackElo "2709"]
[WhiteFideId "13401319"]
[BlackFideId "12401137"]
[EventDate "2022.04.22"]

1. d4 Nf6 2. c4 e6 3. Nf3 d5 4. Nc3 dxc4 5. e4 Bb4 6. Bxc4 Nxe4 7. O-O Nxc3 8.
bxc3 Be7 9. Ne5 O-O 10. Re1 Nc6 11. Qg4 f5 12. Qf3 Nxe5 13. Rxe5 Kh8 14. h3 Bd6
15. Re2 Rb8 16. Bf4 Bxf4 17. Qxf4 Qd6 18. Qxd6 cxd6 19. Bxe6 Bxe6 20. Rxe6 Rfc8
21. Rae1 h6 22. R1e3 Rc6 23. Re7 f4 24. Rf3 a5 25. Rxf4 Rxc3 26. Rff7 Rg8 27.
Rxb7 Rc1+ 28. Kh2 Rc2 29. a3 Rc3 30. Rbd7 Rxa3 31. Rxd6 a4 32. Ra6 Ra2 33. Rf3
Rd8 34. Ra7 a3 35. Rg3 Rg8 36. Rgxa3 Rxf2 37. Ra2 Rf4 38. Rd7 Kh7 39. Rd2 Ra8
40. Rd3 Ra6 41. Rg3 Rg6 42. Rxg6 Kxg6 43. Kg3 Rf1 44. Re7 Rd1 45. Re4 Kf5 46.
Rf4+ Ke6 47. Kf3 g5 48. Ke2 Ra1 49. Rf2 Kd5 50. Kf3 h5 51. Kg3 Ra3+ 52. Rf3
Rxf3+ 53. gxf3 Kxd4 54. f4 h4+ 55. Kg4 gxf4 56. Kxf4 Kd5 57. Kg4 Ke6 58. Kxh4
Kf7 59. Kg4 Kg8 60. h4 Kh8 61. h5 Kg8 62. h6 Kh8 63. h7 Kxh7 1/2-1/2

[Event "Oslo Esports Cup 2022"]
[Site "Oslo NOR"]
[Date "2022.04.22"]
[Round "1.3"]
[White "Van Foreest, Jorden"]
[Black "Praggnanandhaa, R"]
[Result "0-1"]
[WhiteTitle "GM"]
[BlackTitle "GM"]
[WhiteElo "2714"]
[BlackElo "2624"]
[WhiteFideId "1039784"]
[BlackFideId "25059530"]
[EventDate "2022.04.22"]

1. d4 Nf6 2. c4 e6 3. Nc3 Bb4 4. e3 O-O 5. a3 Bxc3+ 6. bxc3 b6 7. Bd3 Bb7 8. f3
c5 9. e4 Ne8 10. Nh3 Nc6 11. Be3 Qe7 12. O-O e5 13. d5 Na5 14. f4 Nd6 15. Qe2 f6
16. fxe5 fxe5 17. Bg5 Rxf1+ 18. Rxf1 Qe8 19. Nf2 Ba6 20. Ng4 Bxc4 21. Bf6 Bxd3
22. Qxd3 Nac4 23. Rf3 Kh8 24. Bxg7+ Kxg7 25. Nf6 Qg6 26. h4 Kh8 27. h5 Qh6 28.
Qe2 Rf8 29. Ng4 Qc1+ 30. Kh2 Rxf3 31. gxf3 Qf4+ 32. Kg2 b5 33. h6 Nf7 34. Qf2
Qd2 0-1

[Event "Oslo Esports Cup 2022"]
[Site "Oslo NOR"]
[Date "2022.04.22"]
[Round "1.3"]
[White "Duda, Jan-Krzysztof"]
[Black "Carlsen, Magnus"]
[Result "0-1"]
[WhiteTitle "GM"]
[BlackTitle "GM"]
[WhiteElo "2750"]
[BlackElo "2864"]
[WhiteFideId "1170546"]
[BlackFideId "1503014"]
[EventDate "2022.04.22"]

1. e4 c6 2. Nf3 d5 3. Nc3 Bg4 4. h3 Bxf3 5. Qxf3 e6 6. g3 Nf6 7. Bg2 Nxe4 8.
Nxe4 dxe4 9. Qxe4 Qd5 10. O-O Qxe4 11. Bxe4 Nd7 12. d3 a5 13. Bg2 Bd6 14. b3 Be5
15. Rb1 Bc3 16. Ba3 Kd8 17. Rfd1 Kc7 18. d4 b5 19. Rd3 b4 20. Bb2 Bxb2 21. Rxb2
Rhd8 22. c3 Nf6 23. Rc2 Rd6 24. Re3 Rad8 25. Re5 Nd5 26. c4 f6 27. Rh5 Nc3 28.
Rxa5 Kb6 29. Rh5 Rxd4 30. Rxh7 R4d7 31. h4 Ra8 32. Bh3 f5 33. g4 fxg4 34. Bxg4
Re7 35. Rh5 e5 36. Rg5 Rxa2 37. Rxa2 Nxa2 38. Kf1 Nc1 39. Bd1 Kc5 40. Ke1 Nd3+
41. Ke2 Kd4 42. Rg4+ e4 43. f3 Kc3 44. Rxe4 Nc1+ 45. Ke1 Rd7 46. c5 Nd3+ 47. Ke2
Nb2 48. Re3+ Rd3 49. Rxd3+ Nxd3 50. h5 Nf4+ 51. Ke3 Nxh5 52. Ke4 Kd2 53. Ke5
Kxd1 54. Kd6 Kc2 55. Kxc6 Kxb3 56. Kd6 Nf6 0-1

[Event "Oslo Esports Cup 2022"]
[Site "Oslo NOR"]
[Date "2022.04.22"]
[Round "1.4"]
[White "Le, Quang Liem"]
[Black "Mamedyarov, Shakhriyar"]
[Result "1/2-1/2"]
[WhiteTitle "GM"]
[BlackTitle "GM"]
[WhiteElo "2709"]
[BlackElo "2771"]
[WhiteFideId "12401137"]
[BlackFideId "13401319"]
[EventDate "2022.04.22"]

1. d4 Nf6 2. c4 e6 3. Nf3 d5 4. Nc3 Bb4 5. Qa4+ Nc6 6. a3 Bxc3+ 7. bxc3 Bd7 8.
cxd5 exd5 9. Bf4 O-O 10. e3 Ne5 11. Qb3 Nxf3+ 12. gxf3 b6 13. Rg1 Re8 14. Be2 c6
15. Be5 g6 16. a4 Bf5 17. Kd2 Rxe5 18. dxe5 Nd7 19. Qb4 Nxe5 20. Qf4 Nc4+ 21.
Ke1 Qf6 22. Qd4 Qe7 23. e4 Re8 24. Bxc4 dxc4 25. Rd1 Qh4 26. Qd6 Rxe4+ 27. fxe4
Qxe4+ 28. Kd2 Qc2+ 29. Ke3 Qe4+ 30. Kd2 Qc2+ 31. Ke1 Qe4+ 32. Kd2 1/2-1/2

[Event "Oslo Esports Cup 2022"]
[Site "Oslo NOR"]
[Date "2022.04.22"]
[Round "1.4"]
[White "Hansen, Eric"]
[Black "Giri, Anish"]
[Result "1/2-1/2"]
[WhiteTitle "GM"]
[BlackTitle "GM"]
[WhiteElo "2606"]
[BlackElo "2773"]
[WhiteFideId "2606771"]
[BlackFideId "24116068"]
[EventDate "2022.04.22"]

1. e4 e5 2. Nf3 Nc6 3. Bb5 Nf6 4. d3 Bc5 5. c3 O-O 6. O-O d5 7. Nbd2 dxe4 8.
dxe4 Qe7 9. b4 Bd6 10. a3 a5 11. Bb2 axb4 12. cxb4 Na7 13. Be2 b5 14. Rc1 Bb7
15. Bd3 Rfc8 16. Qe2 c5 17. bxc5 Bxc5 18. Bxe5 Bxa3 19. Ra1 Bb4 20. Bxf6 Qxf6
21. e5 Qe7 22. Ne4 Bc3 23. Nxc3 Rxc3 24. Qe3 Qc5 25. Nd4 Nc6 26. Rxa8+ Bxa8 27.
Ra1 Bb7 28. Nxc6 Qxe3 29. fxe3 Bxc6 30. Bxb5 Kf8 31. Bxc6 Rxc6 32. Kf2 Rc5 33.
e6 fxe6 34. Ra7 1/2-1/2

[Event "Oslo Esports Cup 2022"]
[Site "Oslo NOR"]
[Date "2022.04.23"]
[Round "2.1"]
[White "Carlsen, Magnus"]
[Black "Le, Quang Liem"]
[Result "0-1"]
[WhiteTitle "GM"]
[BlackTitle "GM"]
[WhiteElo "2864"]
[BlackElo "2709"]
[WhiteFideId "1503014"]
[BlackFideId "12401137"]
[EventDate "2022.04.22"]

1. Nf3 d5 2. e3 Nf6 3. c4 e6 4. Nc3 Be7 5. b3 O-O 6. Bb2 c5 7. d4 cxd4 8. Nxd4
dxc4 9. Bxc4 Bd7 10. O-O Nc6 11. Nf3 a6 12. Qb1 b5 13. Be2 h6 14. Rd1 Qb6 15. a4
b4 16. Ne4 Nd5 17. Bc4 Rfd8 18. Bxd5 exd5 19. Rxd5 Be6 20. Rxd8+ Rxd8 21. Ned2
Qc5 22. Qd1 Qd5 23. Rc1 Bg4 24. Qc2 Bxf3 25. Nxf3 Na5 26. Nd4 Bf6 27. Rb1 Bxd4
28. Bxd4 Nc6 29. Rd1 Na5 30. Rd3 Qf5 31. h3 Rc8 32. Qd1 Rc1 33. Qxc1 Qxd3 34.
Qc8+ Kh7 35. Qf8 f6 36. Qxb4 Nxb3 37. Bc3 Nc1 38. Kh2 Na2 39. Qe4+ Qxe4 0-1

[Event "Oslo Esports Cup 2022"]
[Site "Oslo NOR"]
[Date "2022.04.23"]
[Round "2.1"]
[White "Praggnanandhaa, R"]
[Black "Mamedyarov, Shakhriyar"]
[Result "1-0"]
[WhiteTitle "GM"]
[BlackTitle "GM"]
[WhiteElo "2624"]
[BlackElo "2771"]
[WhiteFideId "25059530"]
[BlackFideId "13401319"]
[EventDate "2022.04.22"]

1. d4 d5 2. c4 c6 3. Nf3 Nf6 4. e3 Bg4 5. h3 Bh5 6. Nc3 e6 7. Qb3 Qc7 8. g4 Bg6
9. Ne5 Nbd7 10. Nxg6 hxg6 11. Bg2 g5 12. Bd2 Be7 13. O-O-O Nb6 14. cxd5 cxd5 15.
Kb1 Nc4 16. Bc1 b5 17. f4 b4 18. Ne2 gxf4 19. Nxf4 g5 20. Nd3 a5 21. Qa4+ Kf8
22. h4 Nxg4 23. hxg5 Kg7 24. g6 Ncxe3 25. gxf7 Nxg2 26. Rhg1 Rh2 27. Bf4 Nxf4
28. Rxg4+ Ng6 29. Ne5 b3 30. Qxb3 Rb8 31. Rxg6+ Kh7 32. Rg2 1-0

[Event "Oslo Esports Cup 2022"]
[Site "Oslo NOR"]
[Date "2022.04.23"]
[Round "2.1"]
[White "Duda, Jan-Krzysztof"]
[Black "Giri, Anish"]
[Result "1/2-1/2"]
[WhiteTitle "GM"]
[BlackTitle "GM"]
[WhiteElo "2750"]
[BlackElo "2773"]
[WhiteFideId "1170546"]
[BlackFideId "24116068"]
[EventDate "2022.04.22"]

1. d4 Nf6 2. Nf3 g6 3. Nc3 d5 4. Bf4 Bg7 5. Nb5 Na6 6. e3 O-O 7. h3 Ne4 8. Be2
c6 9. Na3 Qb6 10. Qc1 c5 11. c3 Bf5 12. O-O Rac8 13. Rd1 Rfd8 14. Nc2 Nb8 15.
Ne5 Nc6 16. Nd3 c4 17. Ndb4 a5 18. Nxc6 bxc6 19. Bg4 Bxg4 20. hxg4 c5 21. f3 Nf6
22. Qd2 Nd7 23. Bg3 e5 24. Rab1 Qe6 25. Bh4 Bf6 26. Qf2 Kg7 27. Rd2 Rb8 28.
Bxf6+ Qxf6 29. Ne1 exd4 30. exd4 cxd4 31. Rxd4 Nf8 32. Rbd1 Qb6 33. R4d2 Ne6 34.
g3 Rd6 35. Ng2 Ng5 36. Kf1 Qxf2+ 37. Rxf2 a4 38. Ne3 Rbd8 39. Kg2 a3 40. bxa3 d4
41. cxd4 Rxd4 42. Rxd4 Rxd4 43. Rc2 Rd3 44. Nxc4 Nxf3 45. Rc1 Nd4 46. a4 Ne2 47.
Rc2 Rxg3+ 48. Kf2 Nd4 49. Kxg3 Nxc2 50. a3 h5 51. a5 Nd4 52. a6 Nc6 53. gxh5
gxh5 54. Nd6 Kf6 55. Nb5 Ke5 56. a4 Kd5 57. a7 Nxa7 58. Nxa7 Kc5 59. Nb5 Kb4 60.
Nc3 f5 61. Kh4 f4 62. Nd5+ Kxa4 63. Nxf4 Kb5 64. Nxh5 1/2-1/2

[Event "Oslo Esports Cup 2022"]
[Site "Oslo NOR"]
[Date "2022.04.23"]
[Round "2.1"]
[White "Hansen, Eric"]
[Black "Van Foreest, Jorden"]
[Result "0-1"]
[WhiteTitle "GM"]
[BlackTitle "GM"]
[WhiteElo "2606"]
[BlackElo "2714"]
[WhiteFideId "2606771"]
[BlackFideId "1039784"]
[EventDate "2022.04.22"]

1. e4 c6 2. d4 d5 3. exd5 cxd5 4. Bd3 Nf6 5. h3 Nc6 6. c3 g6 7. Nf3 Bf5 8. Be2
Qc7 9. O-O e6 10. Re1 h6 11. Nbd2 Bd6 12. Nf1 O-O-O 13. Ne3 Kb8 14. b4 g5 15.
Nxf5 exf5 16. Qd3 Ne4 17. a3 Rhg8 18. Nd2 g4 19. hxg4 h5 20. g5 Rxg5 21. Nxe4
fxe4 22. Qh3 Bf4 23. Bf1 f5 24. Bxf4 Qxf4 25. Rad1 Qc7 26. Qh2 Rg7 27. Re3 Ne7
28. Rh3 Nc8 29. Rxh5 Qxh2+ 30. Rxh2 Nd6 31. Rh4 Rc7 32. Rc1 a6 33. a4 Ka7 34. g3
Rdc8 35. Rh6 Nf7 36. Rh5 Nd6 37. Rh6 Nf7 38. Rf6 Ng5 39. Bg2 Rf7 40. Rxf7 Nxf7
41. Kf1 a5 42. bxa5 Rc4 43. Bh3 Nd6 44. Ke2 Rxa4 45. Ke3 Ra2 46. Rf1 Rc2 47. Kf4
Rxc3 48. Ke5 Nc4+ 49. Kxd5 e3 50. Ke6 Nd2 51. Rh1 exf2 52. d5 Rxg3 53. Rh2 Rxh3
54. Rxf2 Rh6+ 55. Ke7 Nc4 56. Rxf5 Nxa5 57. Rf1 Nc4 58. Rc1 b5 59. Re1 Kb6 60.
Kd7 Rd6+ 0-1

[Event "Oslo Esports Cup 2022"]
[Site "Oslo NOR"]
[Date "2022.04.23"]
[Round "2.2"]
[White "Le, Quang Liem"]
[Black "Carlsen, Magnus"]
[Result "1/2-1/2"]
[WhiteTitle "GM"]
[BlackTitle "GM"]
[WhiteElo "2709"]
[BlackElo "2864"]
[WhiteFideId "12401137"]
[BlackFideId "1503014"]
[EventDate "2022.04.22"]

1. d4 d5 2. c4 e6 3. Nf3 c6 4. Bg5 Be7 5. Bxe7 Qxe7 6. e3 Nf6 7. Nc3 O-O 8. Rc1
Rd8 9. Qc2 dxc4 10. Bxc4 c5 11. O-O cxd4 12. Nxd4 Bd7 13. Rfd1 Nc6 14. Nf3 Be8
15. h3 Rac8 16. a3 h6 17. Rxd8 Rxd8 18. Bd3 Qd6 19. Rd1 Qc7 20. Ne4 Nxe4 21.
Bxe4 Rxd1+ 22. Qxd1 Ne7 23. Qc2 Qxc2 24. Bxc2 Kf8 25. Kf1 Nc8 26. Ke2 Ke7 27. e4
Kd6 28. Ke3 e5 29. Nd2 f6 30. Nc4+ Kc7 31. Kd2 Bf7 32. Ne3 Nd6 33. Bd3 Kc6 34.
Kc3 Be6 35. h4 g6 36. g3 g5 37. h5 a5 38. g4 b6 39. f3 b5 40. b4 a4 41. Kb2 Bc4
42. Bxc4 Nxc4+ 43. Nxc4 bxc4 44. Kc2 Kb6 45. Kd2 Kc6 46. Kc3 Kb5 47. Kc2 Kc6 48.
Kc3 Kb5 49. Kc2 Kc6 50. Kc3 1/2-1/2

[Event "Oslo Esports Cup 2022"]
[Site "Oslo NOR"]
[Date "2022.04.23"]
[Round "2.2"]
[White "Giri, Anish"]
[Black "Duda, Jan-Krzysztof"]
[Result "1/2-1/2"]
[WhiteTitle "GM"]
[BlackTitle "GM"]
[WhiteElo "2773"]
[BlackElo "2750"]
[WhiteFideId "24116068"]
[BlackFideId "1170546"]
[EventDate "2022.04.22"]

1. d4 Nf6 2. c4 g6 3. Nc3 d5 4. Nf3 Bg7 5. Bg5 Ne4 6. Bf4 Nxc3 7. bxc3 dxc4 8.
e4 b5 9. a4 c6 10. h4 Bg4 11. h5 Bxh5 12. Rxh5 gxh5 13. e5 Qd5 14. Qe2 b4 15.
cxb4 Na6 16. Bd2 Rb8 17. b5 cxb5 18. axb5 c3 19. Bxc3 Nc7 20. Ra5 Qb3 21. Qd3
Bh6 22. Nd2 Qe6 23. Rxa7 Qb6 24. Ra3 Qg6 25. Ba5 Ne6 26. Qxg6 hxg6 27. d5 Nf4
28. Bc7 O-O 29. d6 exd6 30. Bxd6 Rfc8 31. Kd1 Bf8 32. Ra7 Rb6 33. Bc7 Bc5 34.
Bxb6 Bxb6 35. Rd7 Bxf2 36. Bc4 Ne6 37. Bxe6 fxe6 38. Ne4 Be3 39. Ke2 Bf4 40.
Nf6+ Kf8 41. Rd4 g5 42. b6 Rc2+ 43. Kd3 Rb2 44. Kc3 Rb1 45. Kc2 Rb5 46. Nxh5
Bxe5 47. Rg4 Bd6 48. Nf6 Be7 49. Ne4 Kf7 50. Rg3 Rxb6 51. Nxg5+ Bxg5 52. Rxg5
Kf6 53. Rh5 Rd6 54. g4 Rd4 55. Kc3 Rxg4 56. Kd3 e5 57. Ke3 e4 58. Ra5 Rg5 59.
Rxg5 Kxg5 60. Kxe4 1/2-1/2

[Event "Oslo Esports Cup 2022"]
[Site "Oslo NOR"]
[Date "2022.04.23"]
[Round "2.2"]
[White "Van Foreest, Jorden"]
[Black "Hansen, Eric"]
[Result "1-0"]
[WhiteTitle "GM"]
[BlackTitle "GM"]
[WhiteElo "2714"]
[BlackElo "2606"]
[WhiteFideId "1039784"]
[BlackFideId "2606771"]
[EventDate "2022.04.22"]

1. e4 c5 2. Nf3 e6 3. d4 cxd4 4. Nxd4 a6 5. c4 Nf6 6. Nc3 Qc7 7. a3 b6 8. Be2
Bb7 9. f3 d6 10. Be3 Nbd7 11. Rc1 Be7 12. Kd2 O-O 13. Kc2 Rfc8 14. Kb1 Ne5 15.
g4 Qd8 16. Qf1 b5 17. cxb5 axb5 18. Bxb5 d5 19. g5 Nh5 20. exd5 exd5 21. Qe2
Bxg5 22. Rhg1 Bxe3 23. Qxe3 Ng6 24. Nce2 Qh4 25. Rxc8+ Rxc8 26. Rc1 Rf8 27. Rc7
Bc8 28. Qc3 Qd8 29. a4 Ne5 30. Qc5 Nf6 31. Qe7 Qxe7 32. Rxe7 Nc4 33. Rc7 g5 34.
Bxc4 dxc4 35. Rxc4 Bb7 36. Rc5 h6 37. b4 Ra8 38. Nc3 g4 39. fxg4 Ne4 40. Nxe4
Bxe4+ 41. Kb2 Rxa4 42. Kb3 Ra1 43. Re5 Rb1+ 44. Kc3 Bg2 45. b5 Kh7 46. Nb3 Kg6
47. b6 f6 48. Rb5 Rh1 49. Nd4 Rxh2 50. Ne6 Kf7 51. Nf4 Bh1 52. b7 Bxb7 53. Rxb7+
Kf8 54. Kd4 1-0